000 00483nam a2200181Ia 4500
003 GCL
008 140319s9999 xx 000 0 eng d
040 _aGCL /
_cGCL
082 0 4 _a621.815
_bJ F
100 1 _aJUVINALL, ROBARTC.
245 1 0 _aFUNDAMENTELS OF MACHINE COMPONENT DESIGN /
_cJUVINALL, ROBARTC.
700 1 _aMARSHEK, KURT M.
260 _a[S.N] :
_bJOHN WILEY AND SONS. INC ،
_c1991
300 _a804
650 0 4 _aMACHINERY
650 0 4 _aDESIGN
942 _2ddc
_cBK
999 _c10766
_d10766